| 000 | 00721nam a2200205Ia 4500 | ||
|---|---|---|---|
| 001 | 17994 | ||
| 003 | GE_BSU | ||
| 008 | 181216s||||||||xx |||||||||||||| ||und|| | ||
| 040 | _cGE_BSU | ||
| 080 | _a821.353.1.09 + 821.161.1.09 | ||
| 100 | _aნატროშვილი, გ. | ||
| 245 | _aგანახლების მებაირახტრე | ||
| 245 | _cრედ. რ. ორჯონიკიძე. მხ. ვ. ალამბარაშვილი | ||
| 260 | _aთბილისი | ||
| 260 | _bსაბჭ. საქართველო | ||
| 260 | _c1959 | ||
| 300 | _a160გვ. ; 20სმ | ||
| 653 | _aგანახლების მებაირახტრე | ||
| 942 | _cBK | ||
| 999 |
_c51037 _d51037 |
||